• 首页
  • 本馆介绍
  • 公告通知
  • 最新文献
  • 馆藏检索
  • 电子资源
  • 读者导购
  • 参考咨询
  • 我的图书馆
  • 登录
  • 详细信息显示
  • 放入我的书架
  • 预约/预借图书
  • 作者相关作品
  • 分类相关作品
  • 丛书相关作品
  • 出版社相关作品

书目信息

  • 表格格式
  • 工作单格式
  • 卡片格式
书名: Fieser and Fieser's reagents for organic synthesis
作者: Mary Fieser.
分册号:
分册名:
出版地: New York :
 
出版社: Wiley
出版时间: c1982.
页数: v. 2-16 :528 :
开本: 24 cm.
丛书名:
中图分类号:
科图分类号:
其他分类号: O621.3
主题词:
电子资源:
000 02214nam 2200481 a 4500
001 E0759087192
003 DLC
005 20070509150454.98
008 @1@1@1@1@1 1982
010    @a88659800 //r89 @zsn 80002017
020    @a0-471-86636-9.
022 0  @a0271-616X.
030    @aFFRSEV
035    @a(OCoLC)6674031
040    @aNSDP @cNSDP @dNST @dNSDP @dDNAL @dDLC @dInU @dDLC @dNST @dMH @dDLC @dOUCA @dMH
042    @ansdp @alc
049    @aN5LA
050 00 @aQD262 @b.R33
070 0  @aQD262.F5
072  0 @aX500
082 00 @a547.2 @220
090    @a2/TQ21/FM///////////////////666308/ v.4/+640876/ v.3/679998/ v.5/*860457/ v.4/ cop.2/*860458/ v.4/ cop.3/887251/ v.6/*866415/ v.5/ cop.2/*866416/ v.5/ cop.3/*902970/ v.6/ cop.2/*902971/ v.6/ cop.3/269638/ v.7/3856426/ v.8/*964678/ v.8/ cop.2/*964679/ v.8/ cop.3/*964774/ v.7/ cop.2/*964775/ v.7/ cop.3/*971829/ v.9/*971830/ v.9/ cop.2/477071/ v.9/ cop.3/749735/ v.12/706718/ v.11/843545/ v.2/843547/ v.10/843526/ v.13/1000852/ v.14/*985340/ v.13/ cop.2/1122623/ v.16/1110555/ v.14/ cop.2/*1111918/ v.15
090    @aO621.3
096    @aTQ21 @v2
099    @dO621.3@ex5:10
210 0  @aFieser Fieser's reag. org. synth.
222  0 @aFieser and Fieser's reagents for organic synthesis
245 00 @aFieser and Fieser's reagents for organic synthesis / @cMary Fieser.@nv.10.
246 18 @aFiesers' reagents for organic synthesis @fv. 9-v. 10
246 10 @aReagents for organic synthesis
260    @aNew York :@bWiley,@cc1982.
260    @aNew York :@bNew York.
265    @aJohn Wiley & Sons, Inc., 605 Third Ave., New York, NY 10158-0012
300    @av. 2-16 :528 :@bill. ;@c24 cm.
310    @aIrregular
500    @a"A Wiley-Interscience publication."
500    @aEditor: 1980- Mary Fieser, with others, 1981-
555    @aVols. 1-12.
650  0 @aOrganic compounds @xSynthesis.
650  0 @aChemical tests and reagents.
700 1  @aFieser, Mary, @d1909-
780 00 @tReagents for organic synthesis @x0271-6747 @w(DLC) 88659795 @w(OCoLC)2255320 @b00 @c20020930 @lNLC09 @h2250 @b00 @c20021031 @lNLC09 @h0150 @lNLC09 @h2346 @lNLC09 @h1938
852 9  @bWWJC @cJ08S @k2 @hTQ21 @iFM
    
    Fieser and Fieser's reagents for organic synthesis / / Mary Fieser.. v.10.-New York : : Wiley, , c1982.-New York : : New York.
    v. 2-16 :528 : : ill. ; ; 24 cm.
    "A Wiley-Interscience publication." .-Editor: 1980- Mary Fieser, with others, 1981- .-Vols. 1-12.
    
    ISBN 0-471-86636-9.
    
●
相关链接 在E读中查询图书 在五车中查询图书 在当当中查询图书 在豆瓣中查询图书


正题名:Fieser and Fieser's reagents for organic synthesis     索取号:O621.3/x5:10         预约/预借

序号 登录号 条形码 馆藏地/架位号 状态 备注
1 181069   000637458   第四借阅区/ [索取号:O621.3/x5:10] 在馆    
2 181070   000637467   第二样本阅览室/ [索取号:O621.3/x5:10] 在馆    
唐山师范学院图书馆 欢迎您!
大连网信软件有限公司© 版权所有